000 00412nam a2200157 i 4500
001 69771
003 ES-MaACL
005 20230906170619.0
007 t|
008 040712s1913 sp ||||1| spa d
100 1 _aGarcía Guijarro, Luis.
_954736
245 1 0 _aNotas americanas /
_cLuis García Guijarro.
260 _aMadrid :
_b[Fortanet],
_c1913.
300 _a194 p. ;
_c19 cm.
852 _aES-MaACL
_jF-1672
999 _c69771
_d69771